Prílev investícií v Európe klesal

Pokles prílevu priamych zahraničných investícií do krajín EÚ v roku 2004. Výnimkou sú pristupujúce krajiny a Veľká Británia, kde zahraničné investície výrazne rástli. Hlavné motívy investovania v týchto krajinách - silný ekonomický rast, sľubné vyhliadky budúceho vývoja.

Na minha lista:
Detalhes bibliográficos
Formato: Capítulo de Livro
Idioma:eslovaco
Assuntos:
Tags: Adicionar Tag
Sem tags, seja o primeiro a adicionar uma tag!

MARC

LEADER 00000naa$a2200000$$$4500
001 0034790
005 20231009081909.9
041 0 |a slo 
044 |a SK 
245 1 0 |a Prílev investícií v Európe klesal 
520 |a Pokles prílevu priamych zahraničných investícií do krajín EÚ v roku 2004. Výnimkou sú pristupujúce krajiny a Veľká Británia, kde zahraničné investície výrazne rástli. Hlavné motívy investovania v týchto krajinách - silný ekonomický rast, sľubné vyhliadky budúceho vývoja. 
610 2 0 |a investície zahraničné 
610 2 0 |a investície priame zahraničné 
610 2 0 |a Európska únia 
610 2 0 |a motivácia 
610 2 0 |a 2004